| 000 | 00405cam a22001334a 4500 | ||
|---|---|---|---|
| 020 | _a0866888616 | ||
| 050 | 0 | 0 |
_aRA790.6 _b.I85 2004 |
| 245 | 0 | 0 | _aIssues in provision of care, treatment, and services for behavioral health care. |
| 260 |
_aOakbrook Terrace, Il. : _bJoint Commission Resources, _cc2004. |
||
| 300 | _aix, 133 p. : | ||
| 650 | 0 | _xStandards. | |
| 650 | 0 | _xQuality control. | |
| 942 |
_2lcc _cGEN |
||
| 999 |
_c14109 _d14109 |
||